Statistics for Dog Breeds By Picture (Hard)

Click here to take the quiz!

General Stats

  • This quiz has been taken 11 times
  • The average score is 8 of 12

Answer Stats

Answer% Correct
Saluki
100%
German Wirehaired Pointer
88%
Leonberger
88%
Norfolk Terrier
88%
Komondor
75%
Schipperke
75%
Tibetan Mastiff
75%
Welsh Terrier
63%
Tibetan Spaniel
50%
Affenpinscher
38%
American Hairless Terrier
38%
Rat Terrier
38%

Score Distribution

Percentile by Number Answered

Percent of People with Each Score

Your Score History

You have not taken this quiz